000 00585cam a2200145 4500500
005 20260208002408.0
041 _afre
042 _adc
100 1 0 _aGiafferi-Dombre, Natacha
_eauthor
245 0 0 _aOdile Hoffmann, Communautés noires dans le Pacifique colombien, Innovations et dynamiques ethniques, Paris, IRD-Karthala, 2004, 259 p., bibl., ill., fig., tabl., cartes
260 _c2007.
500 _a39
786 0 _nL'Homme | 182 | 2 | 2007-04-01 | p. 241k-303k | 0439-4216
856 4 1 _uhttps://shs.cairn.info/revue-l-homme-2007-2-page-241k?lang=fr&redirect-ssocas=7080
999 _c1646119
_d1646119